| 000 | 00595nam a2200229Ia 4500 | ||
|---|---|---|---|
| 003 | OSt | ||
| 005 | 20221006163917.0 | ||
| 006 | a|||||r|||| 00| 0 | ||
| 007 | ta | ||
| 008 | 221006b |||||||| |||| 00| 0 eng d | ||
| 024 | _a6,857 | ||
| 037 | _cTextual | ||
| 040 |
_aFML _cFML _beng |
||
| 041 |
_2eng _aeng |
||
| 082 | _aNR44 v ' N4, H2 | ||
| 100 |
_aAtiya Begum Au. _9676182 |
||
| 245 | 0 | _aSangeet Of India | |
| 260 |
_aMumbai _bAtiya Begum India _c1942 |
||
| 300 |
_a94 _ccm. |
||
| 942 |
_hNR44 v ' N4, H2 _cTEXL _2CC |
||
| 999 |
_c1115704 _d1115704 |
||